00494nam a2200145Ia 4500003000900000008004100009020002600050040001600076100002600092245004200118260003200160300002000192490003300212856010300245IN-BaIIA211028s9999 xx s 000 0 eng d a9780819406798 (Print) cIIA Library aSuckewer, Szymon, ed. 0aUltrashort Wavelength Lasersh[eBook] aWashington, USAbSPIEc1992 aOnline resource aProceedings of SPIE; V. 1551 uhttps://www.spiedigitallibrary.org/conference-proceedings-of-spie/1551yClick Here to Access eBook